Management: Concepts & Practices (Record no. 2178)

MARC details
005 - DATE AND TIME OF LATEST TRANSACTION
control field 20250508110530.0
020 ## - INTERNATIONAL STANDARD BOOK NUMBER
International Standard Book Number 978-93-325-1948-0
082 ## - DEWEY DECIMAL CLASSIFICATION NUMBER
Classification number 658. 4 HAN
100 ## - MAIN ENTRY--PERSONAL NAME
Author name HANNAGAN, T.
245 ## - TITLE STATEMENT
Title Management: Concepts & Practices
250 ## - EDITION STATEMENT
Edition statement 5th Ed.
260 ## - PUBLICATION, DISTRIBUTION, ETC.
Place of publication, distribution, etc. New Delhi,
Name of publisher, distributor, etc. Pearson,
Date of publication, distribution, etc. 2008.
300 ## - PHYSICAL DESCRIPTION
Extent xxvii, 777p.: ill.; figure, table.
Other physical details Glossary, index, references.
Dimensions 24cm.
856 ## - ELECTRONIC LOCATION AND ACCESS
Link text Access online book
Electronic name Management
Path www.pearsoned.co.uk
942 ## - ADDED ENTRY ELEMENTS (KOHA)
Source of classification or shelving scheme Dewey Decimal Classification
Koha item type Books
Holdings
Date last seen Total checkouts Full call number Barcode Cost, replacement price Price effective from Koha item type Lost status Source of classification or shelving scheme Damaged status Not for loan Withdrawn status Home library Current library Shelving location Date acquired Cost, normal purchase price
05/08/2025   658. 4 HAN 0000008437 105000.00 05/08/2025 Books   Dewey Decimal Classification       College of Business Education Main Library College of Business Education Main Library General Collection 10/27/2017 35000.00
05/08/2025   658. 4 HAN 0000008438 105000.00 05/08/2025 Books   Dewey Decimal Classification       College of Business Education Main Library College of Business Education Main Library General Collection 10/27/2017 35000.00
05/08/2025   658. 4 HAN 0000008439 105000.00 05/08/2025 Books   Dewey Decimal Classification       College of Business Education Main Library College of Business Education Main Library General Collection 10/27/2017 35000.00
05/08/2025   658. 4 HAN 0000008440 105000.00 05/08/2025 Books   Dewey Decimal Classification       College of Business Education Main Library College of Business Education Main Library General Collection 10/27/2017 35000.00
05/08/2025   658. 4 HAN 0000007352 105000.00 05/08/2025 Books   Dewey Decimal Classification       College of Business Education Main Library College of Business Education Main Library General Collection 10/27/2017 35000.00